[Event "RUS-chT 05th"]
[Site "Maikop"]
[Date "1998.06.03"]
[Round "1"]
[White "Filippov, Valerij"]
[Black "Fominyh, Alexander"]
[Result "0-1"]
[WhiteElo "2595"]
[BlackElo "2530"]
[Annotator "Huzman,A"]
[PlyCount "134"]
[EventDate "1998.06.03"]
[EventType "team-tourn"]
[EventRounds "11"]
[EventCountry "RUS"]
[SourceTitle "CBM 066"]
[Source "ChessBase"]
[SourceDate "1998.09.30"]
[SourceVersion "1"]
[SourceVersionDate "1998.09.30"]
[SourceQuality "1"]
[WhiteTeam "Noyabrsk Yamal"]
[BlackTeam "Elista Uralan"]
[WhiteTeamCountry "RUS"]
[BlackTeamCountry "RUS"]

1. Nf3 d5 2. d4 Nf6 3. c4 dxc4 4. e3 Bg4 5. Bxc4 e6 6. Nc3 Nbd7 7. h3 Bh5 8.
O-O Be7 9. e4 c6 10. Be3 O-O 11. Be2 Bb4 {This position is similar to the
position from the Slav defence.But the white succeeded to receive this
position without creating weakness by the move a4.That's why the white can
receive advantage.} (11... Bg6 12. Bd3 Rc8 13. Qc2 c5 14. Rad1 Qc7 15. e5 Bxd3
16. Qxd3 c4 17. Qb1 Nd5 18. Nxd5 exd5 19. Ne1 Qc6 20. f4 f5 $11 {1/2-1/2 Bilek,
I-Tringov,G/Tel Aviv olm 1964 (30)}) 12. e5 $6 (12. Nd2 $142 Bxe2 (12... Bg6
13. Qb3 Bxc3 14. bxc3 Bxe4 15. Qxb7 $14) 13. Qxe2 $14) 12... Nd5 13. Nxd5 cxd5
(13... exd5 14. Qb3 (14. Bd3 f5 $11 15. Qb3 $140 Bxf3 16. Qxb4 f4 $36) (14. Ng5
Bxe2 15. Qxe2 h6 $11) 14... Qb6 15. g4 Bg6 16. Nh4 $14) 14. Qb3 Qb6 15. g4 Bg6
16. Nh4 Rac8 17. Nxg6 (17. Rac1 Nb8 $132 {[%cal Yb8c6]}) 17... fxg6 18. f4 {
[%cal Gf4f5]} Nb8 $1 {[%cal Yb8c6]} 19. f5 (19. Rac1 Nc6 20. Rfd1 Na5 $132 {
[%cal Ya5c4]}) 19... gxf5 20. gxf5 Nc6 21. Qd3 (21. Rad1 Na5 22. Qd3 Nc4 23.
Bc1 Nxe5 $15) 21... Be7 $1 {[%cal Yc6b4,Yb4c2]} 22. fxe6 (22. Bg4 Nb4 23. Qb3
exf5 24. Rxf5 Rxf5 25. Bxf5 Rf8 26. Bg4 Qg6 $1 $132) 22... Nb4 23. Qb3 Qxe6 24.
Bg4 Qg6 25. a3 (25. Bd2 h5 26. Bxb4 Bxb4 27. Qxd5+ (27. Qxb4 hxg4 28. h4 Qd3
$40 {/-/+}) 27... Kh7 $17) 25... Nc2 $1 (25... h5 26. axb4 hxg4 27. Qxd5+ Kh7
28. hxg4 Qxg4+ 29. Qg2 $16 {[%cal Gd4d8,Ge5e8]}) 26. Qxd5+ (26. Rac1 Rxf1+ 27.
Rxf1 (27. Kxf1 Nxe3+ 28. Qxe3 Rf8+ 29. Ke2 Bg5 $19) 27... Nxe3 28. Qxe3 h5 $19)
26... Kh8 27. Qxb7 Rfe8 28. Kh1 (28. Rac1 h5 $17) 28... Rb8 29. Qf3 Rf8 30. Bf5
Qa6 $1 {[%cal Yf8f5]} (30... Rxf5 31. Qxf5 Qxf5 32. Rxf5 Nxa1 33. Rf7 $44) 31.
Qe4 (31. Bxc2 Rxf3 32. Rxf3 Qe2 (32... Qc6 $5 33. Bd1 Rxb2 $17) 33. Bd1 Qxb2
$17) (31. Bg1 Nxa1 32. Rxa1 Rxf5 $1 33. Qxf5 Qb7+ $19) 31... Nxa1 32. Rxa1 Qe2
(32... Rxb2 $142 33. Bg4 Bg5 $1 34. Bg1 Rd2 $17) 33. Bg1 Qxe4+ 34. Bxe4 Rxb2
$15 35. Bc6 {[%cal Gd4d5]} (35. Re1 $5 Bxa3 36. Ra1 Rb3 37. Kg2 $132 {[%cal
Gd4d5]}) 35... a5 36. d5 (36. a4 h5 $15 {[%cal Yg7g4]}) 36... Rf3 37. Bd7 h5
$17 {The white can't prevent the improvement of the position of the black
because of threat of mate.} (37... Bxa3 38. Bg4 Rd3 39. Bf5 Rdb3 40. d6 $132)
38. d6 Bg5 {[%cal Yg5f4]} 39. Bh2 a4 40. Re1 (40. Bc8 Rd2 $17) 40... Kh7 $17 {
/-+} (40... Rxa3 $17) 41. Bc6 $2 Rxh3 42. Bg2 Rh4 (42... Bf4 $1 43. Bxh3 Rxh2+
44. Kg1 Rxh3 45. d7 Bg5 46. e6 Be7 $19) 43. Rf1 Re2 44. d7 Rxe5 $19 45. Kg1 Re2
46. Rf5 Bd8 47. Bg3 Rg4 48. Rxh5+ Kg6 49. Rh3 Rd4 50. Bf1 Rd1 51. Bf2 Re5 52.
Rd3 Rg5+ 53. Bg3 Rxd3 54. Bxd3+ Kf6 55. Kf2 Rd5 56. Ke2 Rxd7 57. Bb5 Ra7 58.
Bf2 Ra5 59. Bd4+ Kg6 60. Be8+ Kh6 61. Bc3 Ra7 62. Kd3 Be7 63. Bd4 Ra5 64. Bc3
Ra7 65. Bd4 Ra6 66. Bb5 Ra5 67. Bc6 Bxa3 0-1

[Event "RUS-chT 11th"]
[Site "Sochi"]
[Date "2004.04.23"]
[Round "4.1"]
[White "Bareev, Evgeny"]
[Black "Fominyh, Alexander"]
[Result "1-0"]
[WhiteElo "2711"]
[BlackElo "2579"]
[Annotator "Huzman,A"]
[PlyCount "73"]
[EventDate "2004.04.20"]
[EventType "team-tourn"]
[EventRounds "9"]
[EventCountry "RUS"]
[SourceTitle "EXT 2020"]
[Source "ChessBase"]
[SourceDate "2019.10.17"]
[SourceVersion "1"]
[SourceVersionDate "2019.10.17"]
[SourceQuality "1"]
[WhiteTeam "Kazan Ladya"]
[BlackTeam "Vladivostok Debiut-DVGU"]
[WhiteTeamCountry "RUS"]
[BlackTeamCountry "RUS"]

1. d4 {Ftacnik} d5 2. Nf3 Nf6 3. c4 dxc4 4. e3 Bg4 5. Bxc4 e6 6. Nc3 Nbd7 7.
O-O c6 8. Be2 Be7 9. e4 O-O 10. Be3 Bb4 11. Qc2 (11. e5 Nd5 12. Nxd5 cxd5 13.
Ng5 (13. Rc1 Nb8 14. Ng5 Bf5 15. Bd3 Be7 16. Bxf5 exf5 17. Qh5 Bxg5 18. Bxg5
Qb6 19. Be7 Re8 20. Qxf5 Nc6 21. Bc5 Qxb2 (21... Qa6 $5) 22. Rb1 Qxa2 23. Rxb7
$16 {1-0 Vladimirov,E-Fominyh,A/Mumbai IND 2003/(27)}) (13. Bg5 Qb6 $2 (13...
Be7 $11) 14. a3 $16 {0-1 Kaakinen,M-Sorri,K/Helsinki 1989/EXT 2002 (68)}) 13...
Bf5 14. Bd3 Be7 15. Bxf5 exf5 16. Nh3 Nb6 17. Nf4 Qd7 18. Qf3 $14 {1/2-1/2
Gelfand,B-Fominyh,A/Dagomys RUS 2004/(37)}) (11. Nd2 Bxe2 12. Qxe2 e5 13. a3
exd4 {1/2-1/2 Sakaev,K-Fominyh,A/Moscow 1999/CBM 75 (13)}) 11... c5 12. Rfd1 (
12. Rad1 cxd4 13. Bxd4 Qc7 14. Qb1 a6 15. Rc1 Qf4 16. Be3 Qb8 17. Rfd1 Bd6 18.
h3 Bxf3 19. Bxf3 Bh2+ 20. Kh1 Bf4 $11 {0-1 Bykov,A-Fominyh,A/Omsk/Perm 1998/
EXT 2000 (74)}) 12... cxd4 13. Bxd4 Bxf3 {Ftacnik: 'The novelty in order to
prevent the unpleasant threat of advance of the e pawn.'} (13... Qb8 14. e5
Bxc3 15. Bxc3 Bxf3 (15... Nd5 16. Rxd5 exd5 17. Ng5 $18) (15... Bf5 16. Bd3
Bxd3 17. Qxd3 Nd5 18. Ng5 $18) 16. exf6 Bxe2 17. Qxe2 (17. Rxd7 $1 $18) 17...
Nxf6 18. Be5 Qe8 19. Bd6 Nd5 20. Bxf8 Qxf8 $16 {1/2-1/2 Harikrishna,P-Fominyh,
A/Hyderabad 2000/CBM 79 (49)}) 14. Bxf3 Qb8 (14... Qc7 {Ftacnik} 15. Rac1 Bd6
16. g3 $14) 15. g3 Ne5 {'?!' Ftacnik. Ftacnik: 'The second rate move can not
solve defenders' problems. After the correct move 15...e5! white's advantage
would have been minimal.'} (15... e5 $1 {Ftacnik} 16. Be3 Rc8 $11) 16. Bg2 Rd8
17. Qe2 $14 {[%cal Gf2f4]} (17. Qb3 {Ftacnik} Be7 18. Rac1 Nc6 19. Be3 Ng4 20.
Rxd8+ Qxd8 21. Qxb7 $14) 17... Nc6 $2 {Black must have missed his opponent's
19th move posing a significant threat to the weakened black K.} (17... Nfd7 $1
18. Rac1 (18. f4 $5 Nc6 19. Bf2 Bxc3 20. bxc3 Qc7 21. e5 $14) 18... Bc5 $1 19.
Nb5 (19. f4 Bxd4+ 20. Rxd4 Nc6 21. Rdd1 Qc7 22. e5 $14) 19... Bxd4 20. Rxd4 Nc6
21. Rd2 Nde5 $14) (17... Be7 {Ftacnik} 18. Rac1 Nc6 19. Be3 $14) 18. Bxf6 gxf6
(18... Rxd1+ 19. Rxd1 gxf6 20. Nd5 exd5 21. Qg4+ Kh8 22. exd5 f5 23. Qc4 $16 (
23. dxc6 $5 fxg4 24. cxb7 Qxb7 25. Bxb7 $16)) 19. Nd5 $1 {Ftacnik: 'Bareev
very cleverly benefits from the unprotected location of the bishop on b4 to
start a violent attack.'} Be7 (19... Kh8 20. Nxf6 $16 Be7 {Ftacnik} 21. Ng4 Nd4
22. Qe3 e5 23. Nh6 $16) (19... exd5 {Ftacnik} 20. Qg4+ Kh8 21. exd5 Rd6 22. a3
$18) 20. Nxe7+ Nxe7 21. Rxd8+ Qxd8 22. e5 $1 {[%mdl 36] The B checks in for
the game just in time.} fxe5 (22... Qd4 {Ftacnik} 23. exf6 Qxf6 24. Rd1 Rb8 25.
Rd7 $16) 23. Qxe5 Nc6 24. Qb5 (24. Qh5 {Ftacnik} Qd4 $1 25. Qb5 Rd8 26. Qxb7
Nb4 $14) 24... Qd7 $2 {'?!' Ftacnik. Ftacnik: 'Fominyh could not have hoped to
avoid all dangers, but after this move opponent's pieces will become
decisively active.'} (24... Rb8 $1 {'!?' Ftacnik.} 25. Rc1 Nd4 (25... a6 {
Ftacnik} 26. Qb3 $14) 26. Qh5 $16) 25. Qg5+ Kf8 $2 (25... Kh8 26. Qh5 Rd8 27.
Bxc6 bxc6 28. Rc1 $16) 26. Qh5 Kg7 27. Rd1 $1 $18 {White is being an example
of a perfect team - playing together, his pieces threaten both the half
defenceless K and weak pawns.} Qe7 28. Bxc6 bxc6 29. Rd4 $1 f5 $2 (29... Rd8
30. Rh4 Kf8 31. Qxh7 $18 Qc5 32. Rf4 $18) 30. Qd1 $1 Kg6 31. Rd7 Qc5 32. h4 $1
(32. Qe1 $5 Re8 33. b4 Qc2 $1 34. Qe5 Qb1+ 35. Kg2 Qe4+ 36. Qxe4 fxe4 37. Rxa7
$16) 32... Rg8 33. Qe1 (33. Qd2 $5 h6 34. b4 Qe5 35. Rxa7 $18) 33... Kf6 34.
Kg2 Rg4 (34... h6 35. Qd2 Kg6 36. h5+ Kxh5 37. Qe2+ Rg4 38. Qxe6 $18) 35. Qd2
$1 $18 Qb4 (35... f4 36. Rxh7 Qd5+ 37. Qxd5 cxd5 38. Rxa7 $18) 36. Qh6+ Ke5 (
36... Rg6 37. Qxh7 Qe4+ 38. Kh2 $18) 37. f4+ 1-0

[Event "RUS-Cup01 Chigorin Memorial"]
[Site "St Petersburg"]
[Date "1997.11.05"]
[Round "5"]
[White "Neverov, Valeriy"]
[Black "Karpeshov, Oleg Mikhailovich"]
[Result "1-0"]
[WhiteElo "2560"]
[BlackElo "2430"]
[Annotator "Huzman,A"]
[PlyCount "35"]
[EventDate "1997.11.01"]
[EventType "swiss"]
[EventRounds "9"]
[EventCountry "RUS"]
[SourceTitle "CBM 062"]
[Source "ChessBase"]
[SourceDate "1998.01.31"]
[SourceVersion "1"]
[SourceVersionDate "1998.01.31"]
[SourceQuality "1"]

1. d4 d5 2. c4 dxc4 3. Nf3 Nf6 4. e3 g6 5. Bxc4 Bg7 6. b4 (6. Qb3 O-O 7. O-O
Nfd7 8. Rd1 c6 9. e4 Nb6 10. Be2 Be6 11. Qc2 f6 12. Be3 N8d7 13. Nbd2 Qe8 14.
Nb3 Kh8 15. Na5 Qc8 16. Nc4 Nxc4 17. Bxc4 Nb6 18. Bxe6 Qxe6 19. a4 a5 20. d5
cxd5 21. Qb3 Nc4 22. exd5 Qa6 23. Bc5 Nd6 24. Nd4 Rac8 25. Ne6 Rfe8 26. Rac1
Bh6 27. Rc2 b6 28. Bxd6 exd6 29. Nc7 Rxc7 30. Rxc7 Qe2 31. g3 Bd2 32. Rf1 Bb4
33. Kg2 Bc5 34. Qc3 Re5 35. Qf3 Qxf3+ 36. Kxf3 Kg8 37. g4 h6 38. Rd1 h5 39. h3
Kf8 40. Rd2 h4 {Boada,W-Barua,D/Moscow olm 1994/EXP 44/1-0 (65)}) 6... O-O 7.
Nbd2 Nfd7 (7... Bg4 8. h3 Bxf3 9. Nxf3 Nbd7 10. Bb2 c6 11. O-O Ne4 12. Qc2 Nd6
13. Bb3 a5 14. bxa5 Qxa5 15. e4 e6 16. Rad1 Rfe8 17. Bc1 Rac8 18. Bf4 Bf8 19.
Rfe1 b5 20. Qc1 b4 21. Bxd6 Bxd6 22. e5 {Gelfand,B-Manor,I/WchJM U20 1988/TD
88\09/1-0 (41)}) 8. O-O e5 $2 {[%cal Ra3f8,Rb3f7] This move weakens diagonals
a3-f8,b3-f7.} 9. Ba3 $1 $16 {/+-} exd4 (9... Qe7 10. Qb3 $16) 10. b5 Re8 (10...
dxe3 11. fxe3 Bxa1 12. Qxa1 $40 {[%csl Rf6,Rg7][%cal Gc4f7,Gf1f7,Ga3f8,Yd2e4,
Ye4f6,Ya1g7] The white have more than enough compensation for sacrifised
exchange because of strong pressure on the diagonals a3-f8,b3-f7,a1-h8 and
weaknesses of black squares near the position of the black king.}) 11. Qb3 Qf6
(11... dxe3 12. Bxf7+ Kh8 13. Bxe8 Qxe8 (13... exd2 14. Bxd7 Bxd7 15. Rad1 $18)
14. Rae1 e2 15. Rxe2 $1 Qxe2 16. Re1 $18) 12. exd4 $1 $18 {[%cal Gf1e1]} a6 (
12... Nb6 13. Rfe1 Rxe1+ 14. Rxe1 Bd7 15. Ne4 Qf5 16. Ng3 Qf6 17. Be7 $1 Qf4
18. Bg5 $18) 13. Rfe1 $1 $32 Rxe1+ 14. Rxe1 axb5 15. Re8+ Nf8 (15... Bf8 16.
Bxb5 Nc6 (16... c6 17. Bd3 Na6 18. Ne4 Qf4 19. Nd6 $18) 17. Bxc6 bxc6 18. Ne5
$18) 16. Ne4 Qf4 17. Bxf7+ Qxf7 18. Nf6+ $1 1-0

[Event "San Francisco Mechanics"]
[Site "San Francisco"]
[Date "1998.07.15"]
[Round "6"]
[White "Gurevich, Dmitry"]
[Black "Soltis, Andrew E"]
[Result "1-0"]
[WhiteElo "2540"]
[BlackElo "2410"]
[Annotator "Huzman,A"]
[PlyCount "59"]
[EventDate "1998.07.10"]
[EventType "tourn"]
[EventRounds "9"]
[EventCountry "USA"]
[EventCategory "10"]
[SourceTitle "CBM 066"]
[Source "ChessBase"]
[SourceDate "1998.09.30"]
[SourceVersion "1"]
[SourceVersionDate "1998.09.30"]
[SourceQuality "1"]

1. d4 d5 2. c4 dxc4 3. Nf3 Nf6 4. e3 Be6 5. Nbd2 c5 6. dxc5 Qa5 (6... Nc6 7.
Ng5 Bg4 8. f3) 7. Ng5 Bd5 (7... Bg4 8. f3 Qxc5 (8... c3 9. Qb3 $1 Qxc5 (9...
cxd2+ 10. Bxd2 Qxc5 11. Nxf7 $16) 10. Nde4 $36) 9. Nxf7 Kxf7 10. fxg4 Qxe3+ 11.
Be2 $36) 8. e4 Nxe4 (8... Bxe4 9. Bxc4 e6 10. O-O $32) (8... c3 9. exd5 cxd2+
10. Bxd2 Qxc5 11. Qa4+ Nbd7 12. Be3 $16) 9. Ngxe4 Bxe4 10. Bxc4 Bc6 (10... Bxg2
$140 $4 11. Qg4 $1 $18) (10... e6 11. O-O Qxc5 12. Nxe4 (12. Bxe6 Bc2 13. Nb3
Bxd1 14. Nxc5 Bxc5 15. Bd5 Ba4 16. Bxb7 Bc6 17. Re1+ Kd7 18. Bxa8 Bxa8 19. Be3
$15 {/=} (19. Bf4 $5)) 12... Qxc4 13. Qg4 $1 $32 {[%cal Gg4c4] /~/=}) 11. Qh5
e6 $6 (11... g6 12. Qe5 Rg8 13. O-O Nd7 14. Qf4 e6 15. Ne4 Bxe4 16. Qxe4 Nxc5
17. Qf3 $44 {[%csl Re8]}) 12. Bxe6 Qc7 13. Bh3 Na6 $2 (13... Qe7+ $142 14. Kd1
Qf6 (14... g6 15. Qg4 $16 {[%cal Gh1e1,Gg4c8]}) 15. Re1+ Be7 $44 {[%csl Rd1]})
14. O-O Bxc5 (14... Nxc5 $2 15. Re1+ Be7 16. Qxc5 $18) 15. Re1+ Be7 16. b4 $1 {
[%cal Gb4b5,Gc1b2,Gb2g7]} (16. Qg5 Kf8 17. Qh5 Rd8 $132) 16... O-O (16... Nxb4
17. Bb2 O-O 18. Bf5 h6 (18... g6 19. Qh6 f6 20. Bxg6 $40 {/+/-}) 19. Qg4 {
[%cal Gg4g7,Gg4b4]} g5 20. Qh5 $18) 17. b5 Bf6 (17... g6 18. Qh6 Bxb5 19. Bb2
f6 20. Ne4 $40 {[%cal Ge4g5,Gg5h7,Gh6h7,Gg5e6,Gh3e6] /+/-}) 18. Rb1 $18 {
[%cal Gb5c6,Gb5a6]} Qa5 19. Qf5 Bc3 20. bxc6 Bxd2 21. Bxd2 Qxd2 22. cxb7 Rad8
23. Qb5 Rd6 24. Qe2 f5 25. g3 Nb8 26. Rbc1 Qxe2 27. Rxe2 Rb6 28. Bg2 Nd7 29.
Bd5+ Kh8 30. Rc8 1-0

[Event "Griesheim Testa GM"]
[Site "Griesheim"]
[Date "2004.01.27"]
[Round "8"]
[White "Kunin, Vitaly L"]
[Black "Murdzia, Piotr"]
[Result "1/2-1/2"]
[WhiteElo "2425"]
[BlackElo "2445"]
[Annotator "Konikowski,J"]
[PlyCount "57"]
[EventDate "2004.01.20"]
[EventType "tourn"]
[EventRounds "9"]
[EventCountry "GER"]
[EventCategory "10"]
[SourceTitle "CBM 099"]
[Source "ChessBase"]
[SourceDate "2004.03.30"]
[SourceVersion "1"]
[SourceVersionDate "2004.03.30"]
[SourceQuality "1"]

1. d4 d5 2. c4 dxc4 3. Nf3 Nf6 4. e3 a6 5. Bxc4 b5 6. Bb3 Bb7 7. a4 Nbd7 $146 {
[%mdl 8]} (7... b4 8. a5 e6 9. O-O Be7 10. Ba4+ Nfd7 11. Nbd2 O-O 12. Nc4 c5
13. Nfe5 Bd5 14. Qd3 f5 15. f3 cxd4 16. exd4 Nxe5 17. dxe5 Nd7 18. Bxd7 Bxc4 {
1/2-1/2 Levin,F-Mainka,R/Recklinghausen 2000/}) 8. Nbd2 e6 9. Qe2 Qb8 10. e4 c5
11. O-O (11. axb5 axb5 12. Rxa8 Bxa8 $11) 11... cxd4 12. axb5 d3 13. Qxd3 axb5
14. Rxa8 Bxa8 15. Bc2 Bd6 16. b3 O-O 17. Bb2 Rc8 18. Bb1 e5 19. Rd1 Re8 20. Nh4
g6 21. Qe2 (21. Qg3 Qb6 $11) 21... Bc6 22. Nhf3 Bf8 23. Ne1 Nc5 {[%cal Rc5e4,
Rc6e4,Rf6e4,Gb1e4,Gd2e4,Ge2e4]} 24. Rc1 Qb7 {[%cal Rb7e4,Rc5e4,Rc6e4,Rf6e4,
Gb1e4,Gd2e4,Ge2e4]} 25. f3 Nfd7 26. Nd3 Nxd3 27. Bxd3 {[%cal Rd3b5,Re2b5,Gb7b5,
Gc6b5]} Nc5 28. Bb1 f6 29. Kh1 1/2-1/2

[Event "Jakarta Gunadarma"]
[Site "Jakarta"]
[Date "1996.10.16"]
[Round "2"]
[White "Krasenkow, Michal"]
[Black "Adianto, Utut"]
[Result "1/2-1/2"]
[WhiteElo "2605"]
[BlackElo "2605"]
[Annotator "Krasenkow,M"]
[PlyCount "92"]
[EventDate "1996.10.15"]
[EventType "tourn"]
[EventRounds "9"]
[EventCountry "INA"]
[EventCategory "13"]
[SourceTitle "CBM 056"]
[Source "ChessBase"]
[SourceDate "1997.02.01"]
[SourceVersion "1"]
[SourceVersionDate "1997.02.01"]
[SourceQuality "1"]

1. d4 d5 2. Nf3 Nf6 3. c4 dxc4 4. e3 a6 5. Bxc4 b5 6. Bd3 Bb7 7. a4 b4 8. Nbd2
e6 9. e4 c5 10. e5 Nd5 11. Ne4 cxd4 12. Bg5 Qd7 13. O-O h6 $5 14. Bh4 Nf4 15.
Rc1 Nc6 16. Re1 $6 (16. Qd2 Nxd3 17. Qxd3 Qd5 $5) (16. Bg3 $5) 16... b3 $1 {xb4
} 17. Qxb3 Nb4 18. Bf1 (18. Bc4 $13) 18... Bd5 19. Qd1 d3 20. Qd2 Ne2+ 21. Bxe2
Bxe4 22. Bd1 Bf5 (22... Bh7 23. Rc4 g5 24. Bg3 {/\25.h4, U.Adianto}) 23. Rc4 g5
24. Nd4 $2 (24. Bg3 $13) 24... Bg6 $1 (24... gxh4 25. Nxf5 exf5 26. e6 fxe6 27.
Bh5+ Kd8 28. Rxb4 Bxb4 29. Qxb4 $44) 25. Bg3 $2 (25. Bf3 Nd5 26. Bg3 Be7 $13)
25... Rc8 $3 (25... Nd5 26. a5 $1) (25... a5 26. Nb5) (25... Rb8 26. Bf3 Nd5
27. Nc6 Rb6 28. Rec1 Rxc6 29. Rxc6 Bb4 $13) 26. Rxb4 $2 (26. Rxc8+ Qxc8 27. Bf3
Qc5 $1 $17) 26... a5 $1 27. Rb5 Qxd4 28. Qxa5 Bc5 29. Qd2 (29. b4 d2 30. Re2 (
30. Rf1 Be7 {/\31...Bd3}) 30... Be7 {/\31...Bh5}) 29... O-O $19 {o^d3,xBg3} 30.
h4 (30. b4 Be7 31. Rb7 Rfe8 {/\32...Rb8}) 30... Rb8 $1 31. hxg5 Rxb5 32. axb5
Bb4 33. Qe3 Qxb2 $2 (33... Qxe3 34. Rxe3 hxg5 $19) 34. Rf1 Bd2 35. Qc5 $2 (35.
Qb6 hxg5 36. f3 $17) 35... hxg5 36. f3 Rb8 37. Ba4 Ra8 38. Bd1 Bc3 $2 $138 (
38... Ra5 $19) 39. Bf2 Bxe5 40. b6 d2 (40... Ra2 41. b7 Bg3 42. Bb3 $1) 41. Be3
{/\42.Rf2} Ra1 42. b7 $1 Bd3 (42... Kg7 $5 43. Kf2 $1 (43. Qc8 Rb1 $1 (43...
Bd3 44. Qd8 $10) 44. Qd8 Bf6 45. Qxd2 Qxd2 46. Bxd2 Rxb7 $17) 43... Rb1 44. Rh1
Bf6 45. Qc8 Bh7 46. Qc7 $1 e5 (46... Qxb7 $2 47. Qh2) 47. Rxh7+ Kxh7 48. Qxf7+
$10) (42... Rc1 43. Qc8+ Kg7 (43... Kh7 44. Kf2) 44. Qd8 $1 $10) 43. Qe7 Bxf1
44. Qxg5+ Kh7 45. Qh6+ Kg8 46. Qg5+ Kh7 1/2-1/2

[Event "WchT (Women) 6th"]
[Site "Khanty-Mansiysk"]
[Date "2017.06.23"]
[Round "6.4"]
[White "Girya, Olga"]
[Black "Vijayalakshmi, Subbaraman"]
[Result "1-0"]
[WhiteElo "2480"]
[BlackElo "2375"]
[Annotator "Sagar Shah"]
[PlyCount "89"]
[EventDate "2017.06.17"]
[EventType "team-tourn"]
[EventRounds "9"]
[EventCountry "RUS"]
[SourceTitle "CBM 179"]
[Source "ChessBase"]
[SourceDate "2017.07.12"]
[SourceVersion "1"]
[SourceVersionDate "2017.07.12"]
[SourceQuality "1"]
[WhiteTeam "Russia (W)"]
[BlackTeam "India (W)"]
[WhiteTeamCountry "RUS"]
[BlackTeamCountry "IND"]

1. d4 d5 2. Nf3 Nf6 3. c4 dxc4 4. e3 Bg4 5. Bxc4 e6 6. O-O Nc6 7. Bb5 Bd6 8.
Nbd2 O-O 9. Bxc6 bxc6 10. Qc2 {I would already say that White has a risk-free
edge here. The two bishops do not compensate for the weaknesses down the
c-file.} Qd7 11. e4 $1 Bf4 12. Ne5 $1 {Great play by Girya.} Qxd4 (12... Qd6
13. Ndc4 $18) (12... Qe8 13. Ndc4 $1 Bxc1 14. Raxc1 $18) 13. Ndf3 Qd6 (13...
Bxf3 14. Nxf3 {A piece is lost here.}) 14. Bxf4 Bxf3 15. gxf3 Nh5 {It was
obvious that Viji was not counting on this tactic. Something had gone wrong on
the earluer moves. White has three ways to save her piece.} 16. Rad1 (16. Rfd1
{also wins.}) (16. Bg3 $5 Nxg3 17. Nc4 $18 {also wins.}) 16... Qe7 17. Bg3 $18
{White is a piece up.} f6 18. Nxc6 Qf7 19. Rd2 e5 20. Rfd1 Qxa2 21. Rd7 g5 22.
Rxc7 Rf7 23. Rxf7 Qxf7 24. Nd8 Qe7 25. Qc4+ Kg7 26. Nc6 Qf7 27. Qxf7+ Kxf7 28.
Rd7+ Kg8 29. Rxa7 Rxa7 30. Nxa7 Ng7 31. Nc6 Kf7 32. Nxe5+ fxe5 33. Bxe5 Ne6 34.
b4 Ke7 35. Kg2 Kd7 36. Kg3 Kc6 37. Kg4 Kb5 38. Kf5 Nd8 39. Bd6 h6 40. Be7 Nc6
41. Bc5 Kc4 42. e5 Kd5 43. e6 Nd8 44. e7 Ne6 45. Kf6 1-0

[Event "USA-chT College final"]
[Site "New York"]
[Date "2016.04.02"]
[Round "1.1"]
[White "Le, Quang Liem"]
[Black "Shen, Arthur"]
[Result "1-0"]
[WhiteElo "2709"]
[BlackElo "2382"]
[Annotator "Schulz,Andre"]
[PlyCount "23"]
[EventDate "2016.04.02"]
[EventType "team-tourn"]
[EventRounds "3"]
[EventCountry "USA"]
[SourceTitle "CBM 171 Extra"]
[Source "ChessBase"]
[SourceDate "2016.04.26"]
[SourceVersion "1"]
[SourceVersionDate "2016.04.26"]
[SourceQuality "1"]
[WhiteTeam "Webster Univ"]
[BlackTeam "Columbia Univ"]
[WhiteTeamCountry "USA"]
[BlackTeamCountry "USA"]

1. d4 d5 2. Nf3 Nf6 3. c4 dxc4 4. e3 b5 5. a4 b4 ({Weniger gut ist} 5... c6 6.
axb5 cxb5 7. b3 Be6) 6. Nbd2 ({Die Hauptvariante ist} 6. Bxc4) 6... e6 7. Nxc4
Be7 8. Nce5 {Ein neuer Zug in wenig gespielter Position.} (8. Be2 O-O 9. O-O
Bb7 10. b3 Ne4 11. Qc2 c5 12. Bb2 Nd7 13. Nfe5 cxd4 14. Bxd4 Ndc5 15. Rfd1 Qc7
16. Rac1 Rac8 17. Nd3 Nd7 18. Qb2 f6 19. Nb6 Nc3 20. Nxc8 Rxc8 21. Bxc3 bxc3
22. Qc2 Nb6 23. b4 Bd6 24. h3 Nd5 25. Qb3 Kh8 26. b5 Bh2+ 27. Kf1 Nxe3+ 28.
fxe3 Bxg2+ 29. Kxg2 Qg3+ 30. Kh1 Bg1 {0-1 (30) Srebrnic,A (2238)-Muhren,B 
(2312) Reykjavik 2015}) (8. Bd3 Bb7 9. Qe2 c5 10. dxc5 Be4 11. Nd6+ Bxd6 12.
cxd6 Qxd6 13. Bxe4 Nxe4 14. Qc4 Nc5 15. O-O O-O 16. Qxb4 Nc6 17. Qa3 a5 18. Bd2
Rab8 19. Nd4 Nb4 20. Rac1 Qd5 21. Nb5 Rfd8 22. e4 Qxe4 23. Rxc5 Rxd2 24. Qc3
Rc2 25. Qg3 Rf8 26. Rxc2 Qxc2 27. b3 Nd5 28. Na3 Qc5 29. Nc4 Qb4 30. h3 h6 31.
Kh2 Rc8 32. Rd1 h5 33. Rd3 Qe1 34. Qf3 Rc7 35. Ne3 Nf6 36. Rd8+ Kh7 37. Nc4 Rc5
38. Qd3+ g6 39. Qe3 Qxe3 40. fxe3 Ne4 41. h4 Rf5 42. Kg1 g5 43. hxg5 Ng3 {
1/2-1/2 (43) Cyborowski,L (2548)-Sadzikowski,D (2457) Wroclaw 2013}) 8... O-O
9. Bd2 Bb7 10. Qc2 Qd6 11. Rc1 {Greift c7 an.} Rc8 {[#]} ({Nötig war} 11... c6
$16) 12. Ng5 {Und Schluss!} (12. Ng5 Rf8 13. Bd3 h6 (13... g6 14. Qxc7 Qxc7 15.
Rxc7 $18) 14. Bh7+ Kh8 15. Nexf7+ Rxf7 16. Nxf7#) 1-0